| 000 | 00734cam a2200217 4500 | ||
|---|---|---|---|
| 001 | WB3609-27 | ||
| 008 | 000000n2000 000 0 eng u | ||
| 035 | _a(Sirsi) u104471 | ||
| 245 | _aInsecure tenancies | ||
| 260 | _c2000 | ||
| 490 |
_aEstates Gazette _v(0008) 26 February 2000, 166(1) |
||
| 520 | _aDiscusses a recent HL decision which confirmed the use of subtenancies as a means of avoiding the statutory protection conferred by the Agricultural Holdings Act 1986. | ||
| 590 | _aWB | ||
| 650 | _aSUBTENANCIES | ||
| 650 | _aAGRICULTURAL HOLDINGS ACT 1986 | ||
| 650 | _aTENANT FARMERS | ||
| 650 | _aBARRETT V MORGAN | ||
| 650 | _aNOTICE TO QUIT | ||
| 690 | _aLANDLORD AND TENANT-AGRICULTURAL TENANCIES | ||
| 942 | _n0 | ||
| 999 |
_c62675 _d62675 |
||